000 00902nam a22002897a 4500
003 CHAP
005 20220329135030.0
008 971013s1980 il r 00010 eng d
010 _a29851
011 _a30823
035 _a34935
040 _cCHAP
090 _aFolleto 2156
100 0 0 _aKutten, A.
_964148
245 1 _aBibliography of information sources current research and research reports in Israel
260 _aHaifa :
_bIsrael Institute of Technology,
_c1980
300 _a24 p.
500 _aTexto en inglés e irish
590 _aBATCH-UPD
_b10
_c20130110
_lUCH01
_h2148
590 _aBATCH-UPD
_b10
_c20130410
_lUCH01
_h1457
590 _aBATCH-UPD
_b10
_c20130914
_lUCH01
_h1849
590 _aCONVERSION
_b10
_c20130109
_lUCH01
_h1317
650 1 4 _aObras de consulta
_xBibliografĂ­a.
_982532
901 _aBK
942 _cFOLL
949 _aFolleto 2156
_bBC
_cFOLL
_d-80729
_eTS1
_i34935
_si
999 _c29851
_d29851